| 000 | 00378 a2200145 4500 | ||
|---|---|---|---|
| 082 | _a297.74 | ||
| 090 |
_c3899 _d3899 |
||
| 100 | _aFathi Yakan | ||
| 245 |
_aProblems Faced by the Dawah and the Daiyah _cFathi Yakan |
||
| 260 |
_aIslamabad: _bDawah Academy, _c1998. |
||
| 300 |
_a239 p. ; _c19 cm. |
||
| 500 | _aIncludes Index | ||
| 650 | _aDawah (Islam) | ||
| 942 |
_cBK _k297.74 FAT |
||
| 999 |
_c7798 _d7798 |
||